000 00296nam a22000977a 4500
008 231208b |||||||| |||| 00| 0 eng d
020 _a9789355559708
100 _aMTG
_97733
245 _aMTG CBSE BOARD EXAM 2023-2024 SCORE MORE 15 SAMPLE PAPERS-MATHEMATICS-CLASS-10
260 _aNew Delhi
_bMTG
_c2023
999 _c12507
_d12507